I suffer not a woman : (Record no. 1435)
[ view plain ]
| 000 -LEADER | |
|---|---|
| fixed length control field | 01577pam a2200313 a 4500 |
| 001 - CONTROL NUMBER | |
| control field | 4852532 |
| 003 - CONTROL NUMBER IDENTIFIER | |
| control field | AUA.1 |
| 005 - DATE AND TIME OF LATEST TRANSACTION | |
| control field | 20140826142524.0 |
| 008 - FIXED-LENGTH DATA ELEMENTS--GENERAL INFORMATION | |
| fixed length control field | 910809s1992 miua b 001 0 eng |
| 010 ## - LIBRARY OF CONGRESS CONTROL NUMBER | |
| LC control number | 91031822 |
| 020 ## - INTERNATIONAL STANDARD BOOK NUMBER | |
| International Standard Book Number | 0801052505 |
| 040 ## - CATALOGING SOURCE | |
| Original cataloging agency | DLC |
| Transcribing agency | DLC |
| Modifying agency | DLC |
| 050 00 - LIBRARY OF CONGRESS CALL NUMBER | |
| Classification number | BS 2745.2 |
| Item number | .K76 1992 |
| 082 00 - DEWEY DECIMAL CLASSIFICATION NUMBER | |
| Classification number | 227/.8306 |
| Edition number | 20 |
| 100 1# - MAIN ENTRY--PERSONAL NAME | |
| Personal name | Kroeger, Richard Clark. |
| 9 (RLIN) | 5195 |
| 245 10 - TITLE STATEMENT | |
| Title | I suffer not a woman : |
| Remainder of title | rethinking 1 Timothy 2:11-15 in light of ancient evidence / |
| Statement of responsibility, etc | Richard Clark Kroeger and Catherine Clark Kroeger. |
| 260 ## - PUBLICATION, DISTRIBUTION, ETC. (IMPRINT) | |
| Place of publication, distribution, etc | Grand Rapids, Mich. : |
| Name of publisher, distributor, etc | Baker Book House, |
| Date of publication, distribution, etc | c1992. |
| 300 ## - PHYSICAL DESCRIPTION | |
| Extent | 250 p. : |
| Other physical details | ill. ; |
| Dimensions | 23 cm. |
| 504 ## - BIBLIOGRAPHY, ETC. NOTE | |
| Bibliography, etc | Includes bibliographical references and indexes. |
| 630 00 - SUBJECT ADDED ENTRY--UNIFORM TITLE | |
| Uniform title | Bible. |
| Name of part/section of a work | N.T. |
| -- | Timothy, 1st, II, 11-15 |
| General subdivision | Criticism, interpretation, etc. |
| 9 (RLIN) | 5196 |
| 650 #0 - SUBJECT ADDED ENTRY--TOPICAL TERM | |
| Topical term or geographic name as entry element | Women |
| General subdivision | Biblical teaching. |
| 9 (RLIN) | 5197 |
| 650 #0 - SUBJECT ADDED ENTRY--TOPICAL TERM | |
| Topical term or geographic name as entry element | Women in Christianity |
| General subdivision | History |
| Chronological subdivision | Early church, ca. 30-600. |
| 9 (RLIN) | 5198 |
| 700 1# - ADDED ENTRY--PERSONAL NAME | |
| Personal name | Kroeger, Catherine Clark. |
| 9 (RLIN) | 5199 |
| 906 ## - LOCAL DATA ELEMENT F, LDF (RLIN) | |
| a | 7 |
| b | cbc |
| c | orignew |
| d | 1 |
| e | ocip |
| f | 19 |
| g | y-gencatlg |
| 942 ## - ADDED ENTRY ELEMENTS (KOHA) | |
| Source of classification or shelving scheme | Library of Congress Classification |
| Koha item type | Books |
| Classification part | BS 2745.2 |
| Item part | .K76 1992 |
| Withdrawn status | Lost status | Source of classification or shelving scheme | Damaged status | Not for loan | Collection code | Home library | Current library | Shelving location | Date acquired | Source of acquisition | Cost, normal purchase price | Serial Enumeration / chronology | Total Checkouts | Full call number | Barcode | Date last seen | Date checked out | Cost, replacement price | Price effective from | Koha item type | Copy number |
|---|---|---|---|---|---|---|---|---|---|---|---|---|---|---|---|---|---|---|---|---|---|
| Library of Congress Classification | Books | Judith Thomas Library | Judith Thomas Library | General Stacks | 06/10/2011 | Bought by JTL | 13.10 | AUA001648 | 5 | BS 2745.2 .K76 1992 | AUA001648 | 25/05/2018 | 24/05/2018 | 13.10 | 06/10/2011 | Books | |||||
| Library of Congress Classification | Books | Judith Thomas Library | Judith Thomas Library | General Stacks | 26/08/2014 | Donation, Theological Book Network | 17.00 | AUA016101 | 2 | BS 2745.2 .K76 1992 | AUA016101 | 03/04/2018 | 28/03/2018 | 17.00 | 26/08/2014 | Books | 2 |